<?xml version="1.0" encoding="UTF-8"?>
<record
    xmlns:xsi="http://www.w3.org/2001/XMLSchema-instance"
    xsi:schemaLocation="http://www.loc.gov/MARC21/slim http://www.loc.gov/standards/marcxml/schema/MARC21slim.xsd"
    xmlns="http://www.loc.gov/MARC21/slim">

  <leader>00695nam a22002177a 4500</leader>
  <datafield tag="952" ind1=" " ind2=" ">
    <subfield code="a">0001</subfield>
    <subfield code="b">0001</subfield>
    <subfield code="d">2019-03-21</subfield>
    <subfield code="l">0</subfield>
    <subfield code="o">956.1015 K53s 2011</subfield>
    <subfield code="p">019062</subfield>
    <subfield code="r">2019-03-21 00:00:00</subfield>
    <subfield code="w">2019-03-21</subfield>
    <subfield code="y">BKS</subfield>
  </datafield>
  <datafield tag="999" ind1=" " ind2=" ">
    <subfield code="c">13003</subfield>
    <subfield code="d">13003</subfield>
  </datafield>
  <controlfield tag="003">MIRAKIL</controlfield>
  <controlfield tag="005">20190321142544.0</controlfield>
  <controlfield tag="008">190321b        tu ||||| |||| 00| 0 tur d</controlfield>
  <datafield tag="020" ind1=" " ind2=" ">
    <subfield code="a">9786058783409</subfield>
  </datafield>
  <datafield tag="040" ind1=" " ind2=" ">
    <subfield code="a">TR-AnCHP</subfield>
    <subfield code="c">TR-AnCHP</subfield>
  </datafield>
  <datafield tag="041" ind1=" " ind2=" ">
    <subfield code="a">tur</subfield>
  </datafield>
  <datafield tag="082" ind1=" " ind2=" ">
    <subfield code="a">956.1015</subfield>
    <subfield code="b">K53s 2011</subfield>
  </datafield>
  <datafield tag="100" ind1="1" ind2=" ">
    <subfield code="a">Kihtir, Tu&#x11F;rul</subfield>
  </datafield>
  <datafield tag="245" ind1="1" ind2="0">
    <subfield code="a">Sel&#xE7;uklu'dan Osmanl&#x131;'ya bu topra&#x11F;&#x131;n &#xF6;yk&#xFC;s&#xFC; 1000 y&#x131;l /</subfield>
    <subfield code="c">Tu&#x11F;rul Kihtir.</subfield>
  </datafield>
  <datafield tag="260" ind1=" " ind2=" ">
    <subfield code="a">&#x130;stanbul :</subfield>
    <subfield code="b">T Yay&#x131;nlar&#x131;,</subfield>
    <subfield code="c">2011.</subfield>
  </datafield>
  <datafield tag="300" ind1=" " ind2=" ">
    <subfield code="a">452 s.:</subfield>
    <subfield code="b">fot&#x11F;.;</subfield>
    <subfield code="c">25 sm.</subfield>
  </datafield>
  <datafield tag="500" ind1=" " ind2=" ">
    <subfield code="a">Yap&#x131;t yazar&#x131;ndan imzal&#x131;d&#x131;r.</subfield>
  </datafield>
  <datafield tag="650" ind1=" " ind2="0">
    <subfield code="9">4</subfield>
    <subfield code="a">T&#xFC;rkiye</subfield>
    <subfield code="x">Tarih </subfield>
    <subfield code="x">Anadolu Sel&#xE7;uklu Devleti</subfield>
  </datafield>
  <datafield tag="650" ind1=" " ind2="0">
    <subfield code="9">4</subfield>
    <subfield code="a">T&#xFC;rkiye</subfield>
    <subfield code="x">Tarih </subfield>
    <subfield code="x">Osmanl&#x131; &#x130;mparatorlu&#x11F;u</subfield>
  </datafield>
  <datafield tag="942" ind1=" " ind2=" ">
    <subfield code="2">ddc</subfield>
    <subfield code="c">BKS</subfield>
  </datafield>
</record>
